Columbus, or the discovery of America : (Registro nro. 33197)
[ vista simple ]
| 000 -CABECERA | |
|---|---|
| campo de control de longitud fija | 00632nam a2200157 a 4500 |
| 001 - NÚMERO DE CONTROL | |
| campo de control | 000033706 |
| 005 - FECHA Y HORA DE LA ÚLTIMA TRANSACCIÓN | |
| campo de control | 20200930070446.0 |
| 008 - DATOS DE LONGITUD FIJA--INFORMACIÓN GENERAL | |
| campo de control de longitud fija | 110906s1828 enkb 000 0 eng d |
| 040 ## - FUENTE DE LA CATALOGACIÓN | |
| Centro catalogador/agencia de origen | DO-SdBNP |
| Lengua de catalogación | spa |
| Centro/agencia transcriptor | BNPHU |
| 082 ## - NÚMERO DE LA CLASIFICACIÓN DECIMAL DEWEY | |
| Número de clasificación | xxx |
| Número de documento/Ítem | C193c |
| 100 1# - ENTRADA PRINCIPAL--NOMBRE DE PERSONA | |
| Nombre de persona | Campe, Joachim Heinrich, |
| Fechas asociadas al nombre | 1746-1818. |
| 9 (RLIN) | 59156 |
| 245 10 - MENCIÓN DE TÍTULO | |
| Título | Columbus, or the discovery of America : |
| Resto del título | as related by a father to his children and designed for the instruction of youth / |
| Mención de responsabilidad, etc. | translated from the German of J.H. Campe by Elizabeth Helme. |
| 260 ## - PUBLICACIÓN, DISTRIBUCIÓN, ETC. | |
| Lugar de publicación, distribución, etc. | London : |
| Nombre del editor, distribuidor, etc. | Baldwin and Craddock, |
| Fecha de publicación, distribución, etc. | 1828. |
| 300 ## - DESCRIPCIÓN FÍSICA | |
| Extensión | viii, 270 p. : |
| Otras características físicas | map ; |
| Dimensiones | 18 cm. |
| 700 1# - PUNTO DE ACCESO ADICIONAL--NOMBRE DE PERSONA | |
| Nombre de persona | Helme, Elizabeth, |
| Término indicativo de función/relación | tr. |
| 9 (RLIN) | 59157 |
| Estado de retiro | Estado de pérdida | Restricciones de uso | No para préstamo | Código de colección | Localización permanente | Ubicación/localización actual | Ubicación en estantería | Fecha de adquisición | Número de inventario | Total de préstamos | Signatura topográfica completa | Código de barras | Fecha visto por última vez | Precio válido a partir de | Tipo de ítem Koha |
|---|---|---|---|---|---|---|---|---|---|---|---|---|---|---|---|
| Excluido de préstamo | Raros y valiosos | General | General | En catalogación | 06.09.2011 | LF1 | xxx C193c | 33706-10 | 25.06.2020 | 25.06.2020 | No se presta |
